Inorganic biochemistry: A review of the recent literature published upto date 1977. V 1 (Record no. 34637)
[ view plain ]
| 000 -LEADER | |
|---|---|
| fixed length control field | 00566nam a2200193Ia 4500 |
| 082 ## - DEWEY DECIMAL CLASSIFICATION NUMBER | |
| Classification number | 577.1 |
| Item number | HIL.1 |
| 100 ## - MAIN ENTRY--AUTHOR NAME | |
| Personal name | HILL, H A O |
| 245 #0 - TITLE STATEMENT | |
| Title | Inorganic biochemistry: A review of the recent literature published upto date 1977. V 1 |
| 260 ## - PUBLICATION, DISTRIBUTION, ETC. (IMPRINT) | |
| Place of publication | London |
| Name of publisher | Chemical society |
| Year of publication | 1979 |
| 490 ## - SERIES STATEMENT | |
| Series statement | A specialist periodical report |
| 650 ## - SUBJECT ADDED ENTRY--TOPICAL TERM | |
| Topical Term | Biological molecule |
| 650 ## - SUBJECT ADDED ENTRY--TOPICAL TERM | |
| Topical Term | Haemoprotein |
| 650 ## - SUBJECT ADDED ENTRY--TOPICAL TERM | |
| Topical Term | Metal ion |
| 650 ## - SUBJECT ADDED ENTRY--TOPICAL TERM | |
| Topical Term | Metalloenzyme |
| 650 ## - SUBJECT ADDED ENTRY--TOPICAL TERM | |
| Topical Term | Non-transition element |
| 650 ## - SUBJECT ADDED ENTRY--TOPICAL TERM | |
| Topical Term | Protein |
| 942 ## - ADDED ENTRY ELEMENTS (KOHA) | |
| Koha item type | Books |
| Withdrawn status | Lost status | Damaged status | Not for loan | Home library | Current library | Date acquired | Full call number | Accession Number | Koha item type |
|---|---|---|---|---|---|---|---|---|---|
| RRII Library | RRII Library | 16/12/2021 | 577.1 HIL.1 | 15067 | Books |